000 00687nam a2200253Ia 4500
008 160803s9999 xx 000 0 und d
020 _a0 590463829
100 _aChristopher, Matt
245 4 _aThe lucky baseball bat /
245 _cby Matt Christopher ; illustrated by Dee DeRosa.
260 _aNew York :
260 _bScholastic Inc.
260 _c1991
300 _a58 pages :
300 _billustrations ;
300 _c20 cm.
440 _aSpringboard books
500 _aOriginally published: Boston : , Brown and Company, c1991.
650 _aBaseball --
650 _aSelf-confidence --
650 _xFiction.
650 _xFiction.
700 _a450
999 _c299470
_d299470